| Поле | Инд. | ПП | Название | Значение |
|---|---|---|---|---|
| Тип записи | a | |||
| Библиографический уровень | b | |||
| 001 | Контрольный номер | RU/IS/BASE/435326514 | ||
| 005 | Дата корректировки | 20220715140329.1 | ||
| 008 | Кодируемые данные | 20131017 | ||
| 040 | b | Код языка каталог. | rus | |
| e | Правила каталог. | PSBO | ||
| 041 | 0_ | a | Код языка текста | rus |
| 084 | a | Индекс другой классификации/Индекс ББК | 60.524.222.27(2Рос); 60.026 | |
| 100 | 1_ | a | Автор | Акмалова А. А. |
| q | Полное имя | Акмалова Альфия Азгаровна | ||
| 100 | 1_ | a | Автор | Капицын В. М. |
| q | Полное имя | Капицын Владимир Михайлович | ||
| 245 | 10 | a | Заглавие | Роль знаков и символов в обеспечении социального единства |
| 504 | a | Библиография | Библиогр. ссылки. - Примеч. | |
| 520 | 0_ | a | Аннотация | В статье рассматриваются механизмы символьной консолидации, включающие в себя знаки и символы, начиная с жизненных сфер и кончая государственными символами, конституцией и символьной политикой государства |
| 650 | 14 | a | Основная рубрика | социальная философия |
| a | Основная рубрика | социология | ||
| a | Основная рубрика | философия | ||
| 653 | 1_ | a | Ключевые слова | XX век |
| a | Ключевые слова | внутренняя политика | ||
| a | Ключевые слова | знаки | ||
| a | Ключевые слова | история | ||
| a | Ключевые слова | консолидация общества | ||
| a | Ключевые слова | модернизация общества | ||
| a | Ключевые слова | национально-государственные интересы | ||
| a | Ключевые слова | национальные символы | ||
| a | Ключевые слова | общественные символы | ||
| a | Ключевые слова | перестройка | ||
| a | Ключевые слова | политика | ||
| a | Ключевые слова | политические символы | ||
| a | Ключевые слова | российское общество | ||
| a | Ключевые слова | Россия | ||
| a | Ключевые слова | символы | ||
| a | Ключевые слова | символьная консолидация | ||
| a | Ключевые слова | социальная семиотика | ||
| a | Ключевые слова | социальное единство | ||
| a | Ключевые слова | социосемиотика | ||
| 773 | 08 | t | Заглавие источника | Социально-гуманитарные знания |
| d | Дата издания источника | 2013 | ||
| g | Прочая информация | № 4. - С. 31 - 51 | ||
| w | Контрольный № источника | RU/IS/BASE/431778075 | ||
| 901 | t | Тип документа | b |